[Event "TCh-FIN 2006-7"]
[Site "Helsinki FIN"]
[Date "2007.03.10"]
[Round "8"]
[White "Volodin,Alek"]
[Black "Nivala,T"]
[Result "1/2-1/2"]
[WhiteElo "2354"]
[BlackElo "2189"]

1.d4 d5 2.c4 Nc6 3.cxd5 Qxd5 4.e3 e5 5.Nc3 Bb4 6.Bd2 Bxc3 7.bxc3 Nf6 8.c4 Qd6
9.d5 Ne7 10.Rb1 Ne4 11.Nf3 b6 12.Bd3 Nc5 13.Be2 Bf5 14.Rb2 c6 15.Bc3 f6 16.Bb4 cxd5
17.cxd5 Qxd5 18.Rd2 Qe4 19.Bb5+ Kf7 20.Bxc5 bxc5 21.O-O Qb4 22.Qe2 Rhd8 23.Rb2 Qc3
24.Rb3 Qa5 25.e4 Be6 26.Bc4 Rd6 27.Bxe6+ Rxe6 28.Qc4 Qa6 29.Qxc5 Rc8 30.Qe3 Rb6
31.h3 Qxa2 32.Ra3 Qb2 33.Rxa7 Rb3 34.Qe1 Rbc3 35.Ra1 Kg8 36.Qd1 Qb7 37.Re1 R3c7
38.Rb1 Qc6 39.Qb3+ Qc4 40.Qa3 Qc5 41.Qa6 Rc6 42.Qa4 Ng6 43.g3 Qc4 44.Rb4 Qc2
45.Kg2 Qxa4 46.Rxa4 Rc4 47.Ra7 R8c7 48.Ra8+ Rc8 49.Raa1 Kf7 50.Nd2 R4c7 51.Nf1 Rc4
52.Ne3  1/2-1/2

[Event "ch-POL w"]
[Site "Barlinek POL"]
[Date "2007.03.14"]
[Round "7"]
[White "Szymanska,M"]
[Black "Zawadzka,J"]
[Result "1/2-1/2"]
[WhiteElo "2218"]
[BlackElo "2350"]

1.d4 d5 2.c4 Nc6 3.Nc3 dxc4 4.Nf3 Nf6 5.e4 Bg4 6.Be3 Bxf3 7.gxf3 e5 8.d5 Nb8
9.Bxc4 Bd6 10.Rg1 g6 11.Qd2 Nh5 12.O-O-O Nd7 13.Ne2 Qf6 14.f4 Nxf4 15.Nxf4 exf4
16.Bd4 Be5 17.Bb5 Bxd4 18.Qxd4 Qxd4 19.Rxd4 f6 20.h4 a6 21.Bxd7+ Kxd7 22.Rg4 Kd6
23.Rb4 Ke5 24.Rxb7 Rhb8 25.Rxb8 Rxb8 26.f3 Rg8 27.Kd2 g5 28.Kd3 h5 29.Rg2 g4
30.Rc2 Kd6 31.Rc6+ Kd7 32.Ke2 g3 33.Kf1 Ke7 34.Rxa6 Rb8 35.b3 Rb4 36.Re6+ Kf7
37.Rc6 Rd4 38.Rxc7+ Kg6 39.Rc2 f5 40.exf5+ Kxf5 41.Rb2 Rd1+ 42.Kg2 Ke5 43.b4 Kd4
44.b5 Kc3 45.b6 Kxb2 46.b7 Rd2+ 47.Kf1 Rd1+ 48.Ke2 Kc2 49.b8=Q Rd2+  1/2-1/2

[Event "Bundesliga 2006-7"]
[Site "Bindlach GER"]
[Date "2007.03.18"]
[Round "13"]
[White "Dautov,R"]
[Black "Schneider,Il"]
[Result "1-0"]
[WhiteElo "2582"]
[BlackElo "2361"]

1.d4 d5 2.c4 Nc6 3.Nf3 Bg4 4.Nc3 e6 5.cxd5 exd5 6.Bf4 Bd6 7.Bg3 Bxf3 8.gxf3 f5
9.Qd2 Nge7 10.O-O-O O-O 11.e4 fxe4 12.fxe4 dxe4 13.d5 Ne5 14.Nxe4 Nf5 15.Bh3 Qe8
16.Qe2 Ng6 17.Qc2 Ngh4 18.Ng5 Qh5 19.Ne6 Rf7 20.Kb1 Kh8 21.Ka1 Ng6 22.Bg2 Nf8
23.Be4 Re8 24.Qa4 Rfe7 25.Bxf5 Qxf5 26.Nxc7 Rd8 27.Ne6 Nxe6 28.dxe6 Qxe6
29.Bh4 Ra8 30.Bxe7 Qxe7 31.Rhe1 Qf8 32.Rxd6  1-0

[Event "31st Conference"]
[Site "Blackpool ENG"]
[Date "2007.03.18"]
[Round "4"]
[White "Addison,B"]
[Black "Horner,J"]
[Result "0-1"]
[WhiteElo "2247"]
[BlackElo "2339"]

1.d4 d5 2.c4 Nc6 3.Nc3 Nf6 4.cxd5 Nxd5 5.e4 Nxc3 6.bxc3 e5 7.d5 Nb8 8.Nf3 Bd6
9.Be2 O-O 10.O-O Nd7 11.Be3 Qe7 12.Nd2 Nc5 13.Bg4 Qh4 14.Bxc8 Raxc8 15.Bxc5 Bxc5
16.Nb3 Bd6 17.Qd3 f5 18.c4 fxe4 19.Qe3 b6 20.g3 Qg4 21.Nd2 Rf4 22.h3 Qg6
23.Kh1 Bc5 24.Qe2 Rxf2 25.Rxf2 e3 26.Rg2 exd2 27.Qxd2 Rf8 28.Qe2 Qf5 29.Qg4 Qxg4
30.hxg4 Rf3 31.Rc1 Kf7 32.Re2 Rxg3 33.Rxe5 Rxg4 34.Re6 Rf4 35.Rc6 Bd6 36.c5 bxc5
37.Ra6 g5 38.Rxa7 h5 39.a4 h4 40.a5 g4 41.a6 Ra4 42.Ra8 h3 43.Rh8 Rxa6 44.Rh4 Ra4
45.Rg1 h2 46.Rf1+ Kg6 47.Rc1 Kg5 48.Rxh2 Bxh2 49.Kxh2 c4 50.Re1 c3 51.Rc1 Rc4
52.Rc2 Kf4  0-1

[Event "56th ch-BUL w"]
[Site "Pernik BUL"]
[Date "2007.03.20"]
[Round "11"]
[White "Chilingirova,P"]
[Black "Jordanova,S"]
[Result "1-0"]
[WhiteElo "2184"]
[BlackElo "2245"]

1.d4 d5 2.c4 Nc6 3.Nc3 dxc4 4.e3 e5 5.d5 Nce7 6.Bxc4 Ng6 7.Qb3 Bd6 8.Bb5+ Kf8
9.Nf3 N8e7 10.e4 Bg4 11.Be2 Rb8 12.Be3 Nc8 13.h3 Bxf3 14.Bxf3 Nh4 15.Ne2 a5
16.Bd2 Ra8 17.Qxb7 Nb6 18.Qc6 Qf6 19.Qc3 Ke7 20.O-O Na4 21.Qc2 Nxf3+ 22.gxf3 Qxf3
23.Ng3 Nc5 24.Be3 Na6 25.a3 Rhd8 26.Rae1 Qf6 27.Kh2 Kf8 28.Nf5 h6 29.Rg1 g5
30.h4 Qh8 31.hxg5 hxg5+ 32.Kg2 c5 33.Rh1 Qg8 34.Rh5 Ke8 35.Qa4+ Rd7 36.Nxd6+ Kd8
37.Nf5  1-0

[Event "Rector Cup w"]
[Site "Kharkiv UKR"]
[Date "2007.03.23"]
[Round "7"]
[White "Nikolaeva,A1"]
[Black "Aketaeva,D"]
[Result "0-1"]
[WhiteElo "2238"]
[BlackElo "2260"]

1.d4 d5 2.c4 Nc6 3.Nf3 Bg4 4.Nc3 e6 5.Bf4 Bxf3 6.gxf3 Nf6 7.e3 Bd6 8.Bxd6 Qxd6
9.c5 Qd7 10.f4 Ne7 11.Bd3 b6 12.cxb6 axb6 13.b4 O-O 14.b5 Ra3 15.Nb1 Ra5
16.a4 c6 17.bxc6 Qxc6 18.O-O Rfa8 19.Bb5 Qc7 20.Nd2 Nf5 21.Rc1 Qd8 22.Nf3 Ne4
23.Ne5 Qh4 24.Qe2 R5a7 25.Rc6 f6 26.Nd3 Rf8 27.Rfc1 g5 28.f3 gxf4 29.Rc7 Rxc7
30.Rxc7 Kh8 31.Nxf4 Nxd4 32.Ng6+ hxg6 33.exd4 Ng5 34.Qd3 Nh3+  0-1

[Event "Bundesliga 2006-7"]
[Site "Muelheim GER"]
[Date "2007.04.01"]
[Round "15"]
[White "Tregubov,P"]
[Black "Rabiega,R"]
[Result "1-0"]
[WhiteElo "2613"]
[BlackElo "2529"]

1.d4 d5 2.c4 Nc6 3.Nc3 dxc4 4.d5 Ne5 5.f4 Nd7 6.e4 Nb6 7.a4 a5 8.Be3 e6 9.Bxb6 cxb6
10.Bxc4 Bb4 11.Nf3 Nf6 12.O-O exd5 13.Nxd5 Bc5+ 14.Kh1 O-O 15.Nxf6+ Qxf6
16.Ng5 h6 17.e5 Qe7 18.Nxf7 Rxf7 19.f5  1-0

[Event "ch-DEN"]
[Site "Aalborg DEN"]
[Date "2007.04.02"]
[Round "3"]
[White "Kristiansen,J"]
[Black "Bromann,T"]
[Result "1-0"]
[WhiteElo "2429"]
[BlackElo "2399"]

1.d4 d5 2.c4 Nc6 3.Nc3 dxc4 4.d5 Ne5 5.f4 Nd7 6.e4 Nb6 7.a4 a5 8.Be3 e6 9.Bxb6 cxb6
10.Bxc4 Nf6 11.Bb5+ Bd7 12.d6 Bc6 13.e5 Nd7 14.Nf3 g6 15.O-O Bg7 16.Nd4 Nb8
17.Qf3 Qd7 18.Ne4 O-O 19.Rac1 Rc8 20.Rc3 Bxb5 21.axb5 Rxc3 22.Qxc3 Qd8 23.Qc7 Nd7
24.Rc1 Nxe5 25.fxe5 Bxe5 26.Nf3 Bxb2 27.Rc2 Bg7 28.d7 Bf8 29.Qxb7 Rb8 30.Qxb8  1-0

[Event "ch-Catalonia"]
[Site "Barcelona ESP"]
[Date "2007.04.02"]
[Round "2"]
[White "Cruz,Cr"]
[Black "Xanco Compains,J"]
[Result "1-0"]
[WhiteElo "2399"]
[BlackElo "2111"]

1.d4 d5 2.c4 Nc6 3.Nf3 Bg4 4.Nbd2 e6 5.e3 Qd7 6.Qb3 Bb4 7.cxd5 exd5 8.Ne5 Nxe5
9.Qxb4 Nc6 10.Qc3 Nge7 11.b4 a6 12.Nb3 Nd8 13.Nc5 Qd6 14.f3 Bc8 15.Bd3 b6
16.Nb3 O-O 17.O-O Bf5 18.e4 Bg6 19.Bg5 f6 20.Bh4 Ndc6 21.a3 Qf4 22.Bg3 Qe3+
23.Kh1 Rfc8 24.Rae1 Qh6 25.exd5 Bxd3 26.Qxd3  1-0

[Event "ch-DEN"]
[Site "Aalborg DEN"]
[Date "2007.04.05"]
[Round "6"]
[White "Pedersen,Stef"]
[Black "Kristensen,Kaa"]
[Result "1-0"]
[WhiteElo "2439"]
[BlackElo "2316"]

1.d4 d5 2.c4 Nc6 3.Nc3 dxc4 4.Nf3 Nf6 5.e3 e5 6.Bxc4 exd4 7.exd4 Bd6 8.Qe2+ Qe7
9.Qxe7+ Nxe7 10.O-O Be6 11.Bxe6 fxe6 12.Re1 Kd7 13.Bd2 Ned5 14.Ne5+ Ke7 15.Bg5 Rhe8
16.Rad1 Kf8 17.Nc4 a6 18.Bxf6 Nxf6 19.Ne4 Nxe4 20.Rxe4 b6 21.Rd3 Rad8 22.g4 b5
23.Na5 Rd7 24.Nc6 Rf7 25.h3 Rf4 26.Re2 Kf7 27.Rde3 Kf6 28.Kg2 g6 29.f3 h5
30.b4 Bf8 31.Ra3 Ra8 32.Re5 Rxd4 33.g5+ Kf7 34.Nxd4 Bxb4 35.Rae3 c5 36.Nc6 Bd2
37.Rd3 Rc8 38.Nd8+  1-0

[Event "ch-Catalonia"]
[Site "Barcelona ESP"]
[Date "2007.04.05"]
[Round "5"]
[White "Colom Andres,X"]
[Black "Ibanez Terradellas,E"]
[Result "0-1"]
[WhiteElo "2055"]
[BlackElo "2247"]

1.d4 d5 2.c4 Nc6 3.cxd5 Qxd5 4.e3 e5 5.Nc3 Bb4 6.Bd2 Bxc3 7.Bxc3 exd4 8.Ne2 Nge7
9.Nxd4 Nxd4 10.Qxd4 Qxd4 11.Bxd4 O-O 12.Be2 Be6 13.O-O Rfd8 14.Rfd1 f6 15.e4 Nc6
16.Bc3 Rxd1+ 17.Bxd1 Rd8 18.Kf1 Nd4 19.b3 c5 20.f3 f5 21.e5 f4 22.b4 Nb5
23.Be1 cxb4 24.Bxb4 Bc4+ 25.Kf2 Nd4 26.a3 Kf7 27.Rb1 Rd5 28.Bd6 b5 29.e6+ Nxe6
30.Bb8 a6 31.a4 g5 32.axb5 axb5 33.Be2 Rd2 34.Re1 Nd4  0-1

[Event "30th Open"]
[Site "San Sebastian ESP"]
[Date "2007.04.05"]
[Round "5"]
[White "Villanueva Arguinberri,B"]
[Black "Neira Garcia,M"]
[Result "1-0"]
[WhiteElo "1909"]
[BlackElo "2024"]

1.d4 d5 2.c4 Nc6 3.Nc3 dxc4 4.Nf3 Bg4 5.d5 Bxf3 6.gxf3 Nb8 7.Bf4 c6 8.e4 e6
9.dxe6 Qxd1+ 10.Rxd1 fxe6 11.Bxc4 Nf6 12.Bxe6 Bb4 13.Rg1 Ke7 14.Bb3 Nh5 15.Bg5+  1-0

[Event "18th Pobeskydi Chance Cup"]
[Site "Frydek Mistek CZE"]
[Date "2007.04.06"]
[Round "3"]
[White "Klecker,T"]
[Black "Dudys,J"]
[Result "0-1"]
[WhiteElo "2047"]
[BlackElo "2127"]

1.d4 d5 2.c4 Nc6 3.Nf3 Bg4 4.cxd5 Bxf3 5.dxc6 Bxc6 6.Nc3 e6 7.e4 Bb4 8.f3 Qh4+
9.g3 Qh5 10.a3 Bxc3+ 11.bxc3 f5 12.Bg2 Nf6 13.Qb3 fxe4 14.Qxe6+ Kd8 15.f4 Bb5
16.c4 Re8 17.Qh3 Qxh3 18.Bxh3 Bxc4 19.Be3 Nd5 20.Kf2 c6 21.Bf5 Nf6 22.h4 g6
23.Bh3 Be6 24.Bg2 h5 25.Rhb1 b6 26.a4 Bf5 27.Bf1 Be6 28.Ke1 Nd5 29.Kd2 Ne7
30.Bg2 Bf5 31.Bf1 Kd7 32.Rc1 Rec8 33.Be2 Bg4 34.Ba6 Rf8 35.Rc2 Be6 36.Ra3 Rab8
37.Rac3 Rf5 38.Bc4 Bxc4 39.Rxc4 Rd5 40.Bf2 Re8 41.Ke2 Rd6 42.R4c3 Nf5 43.Rd2 e3
44.Bxe3 Nxg3+ 45.Kf3 Ne4  0-1

[Event "8th ch-Euro"]
[Site "Dresden GER"]
[Date "2007.04.07"]
[Round "5"]
[White "Van Wely,L"]
[Black "Zaragatski,I"]
[Result "1-0"]
[WhiteElo "2683"]
[BlackElo "2445"]

1.d4 d5 2.c4 Nc6 3.Nc3 Nf6 4.Nf3 dxc4 5.e4 Bg4 6.d5 Ne5 7.Bf4 Ng6 8.Be3 e5
9.Bxc4 a6 10.h3 Bd7 11.h4 Bd6 12.h5 Ne7 13.h6 g6 14.Bg5 Nfg8 15.Rc1 f6 16.Be3 Nc8
17.Be2 Nge7 18.Nd2 O-O 19.Nc4 b5 20.Na5 Rb8 21.Nb3 b4 22.Nb1 Bb5 23.N1d2 f5
24.Bg5 Qd7 25.O-O Bxe2 26.Qxe2 f4 27.Nc5 Bxc5 28.Rxc5 Nd6 29.Nf3 Nf7 30.Rfc1  1-0

[Event "8th ch-Euro"]
[Site "Dresden GER"]
[Date "2007.04.07"]
[Round "5"]
[White "Stern,R"]
[Black "Koepke,C"]
[Result "1-0"]
[WhiteElo "2476"]
[BlackElo "2285"]

1.d4 d5 2.c4 Nc6 3.Nc3 Nf6 4.e3 dxc4 5.Bxc4 e5 6.Nf3 exd4 7.exd4 Bd6 8.O-O O-O
9.h3 h6 10.Be3 Bf5 11.Nh4 Bh7 12.Qf3 Ne4 13.Nf5 Ng5 14.Qg4 Qc8 15.Bd3 Ne7
16.Nxd6 Qxg4 17.hxg4 cxd6 18.Bxg5 hxg5 19.Bxh7+ Kxh7 20.Ne4 Kg6 21.Rfe1 Nc6
22.Nxd6 Nxd4 23.Rad1 Nc6 24.Nxb7 f6 25.Rd6 Rfc8 26.Ree6 Nd8 27.Nxd8 Rxd8
28.Rxd8 Rxd8 29.Ra6 Rd7 30.Kf1 Kf7 31.Ke2 Ke7 32.Ke3 Kd8 33.f3 Re7+ 34.Kd3 Kc8
35.Ra4 Kb7 36.Re4 Rd7+ 37.Rd4 Re7 38.Rc4 Kb6 39.Rc2 Re5 40.Kd4 Kb7 41.b4 Kb6
42.a4 Re7 43.Kd5 Re3 44.Kd6 Rd3+ 45.Ke6 a6 46.Kf7 Rd7+ 47.Kg6 Re7 48.Rc8 Rd7
49.Rg8 Rd4 50.Kxg7 Rxb4 51.Rb8+ Ka5 52.Rxb4 Kxb4 53.Kxf6 Kxa4 54.f4  1-0

[Event "ch-DEN"]
[Site "Aalborg DEN"]
[Date "2007.04.08"]
[Round "9"]
[White "Lund,E"]
[Black "Brautsch,S"]
[Result "1-0"]
[WhiteElo "2309"]
[BlackElo "2295"]

1.d4 d5 2.c4 Nc6 3.Nc3 dxc4 4.d5 Ne5 5.Nf3 Nxf3+ 6.exf3 e5 7.Bxc4 Bd6 8.Bb5+ Bd7
9.Qb3 Rb8 10.Be3 b6 11.Ne4 Bxb5 12.Qxb5+ Qd7 13.a4 Ne7 14.Ke2 a5 15.Rhd1 Qxb5+
16.axb5 Kd7 17.Rac1 h6 18.g4 f5 19.gxf5 Nxf5 20.Rc6 Rhc8 21.Rg1 g5 22.Nf6+ Ke7
23.Ng4 Rg8 24.Nxe5 Rbe8 25.Nc4 Bxh2 26.Rh1 Bf4 27.Kd3 Kd7 28.Bxf4 gxf4 29.d6 Nxd6
30.Nxd6 cxd6 31.Rxh6 Re6 32.Rh7+ Re7 33.Rh6 Re6 34.Rh7+ Re7 35.Rxe7+ Kxe7
36.Rxb6 Rg5 37.Ke4 Rc5 38.Kxf4 Ke6 39.Rb8 Rc4+ 40.Kg5 Rb4 41.f4 Rxb2 42.f5+ Kd5
43.f6 Rxf2 44.Rc8 Rg2+ 45.Kf5 Rf2+ 46.Kg6 Rg2+ 47.Kf7 Rb2 48.Ke8 Re2+ 49.Kd7 Rf2
50.Ke7 Re2+ 51.Kf8 Rh2 52.Rc1 a4 53.f7 a3 54.Rf1 a2 55.Ke8 Re2+ 56.Kd7 Rf2
57.Rxf2 a1=Q 58.Rf5+ Ke4 59.f8=Q Qa7+ 60.Kxd6  1-0

[Event "8th ch-Euro"]
[Site "Dresden GER"]
[Date "2007.04.09"]
[Round "7"]
[White "Bach,Mat"]
[Black "Lyell,M"]
[Result "1-0"]
[WhiteElo "2364"]
[BlackElo "2203"]

1.d4 d5 2.c4 Nc6 3.Nf3 Bg4 4.cxd5 Bxf3 5.gxf3 Qxd5 6.e3 e6 7.Nc3 Qh5 8.f4 Qxd1+
9.Kxd1 O-O-O 10.a3 h6 11.h4 h5 12.Bg2 Nce7 13.Ke2 Nf6 14.Bd2 Nf5 15.Rac1 Kb8
16.Na4 Nd5 17.Kf1 Nxf4 18.exf4 Rxd4 19.Bb4 Bxb4 20.axb4 Rxb4 21.Nc5 Rxb2
22.Rh3 Rd8 23.Rhc3 c6 24.Nd3 Rd2 25.Ne5 Rd1+ 26.Rxd1 Rxd1+ 27.Ke2 Rg1 28.Bh3 Nd6
29.Rg3 Rxg3 30.fxg3 Kc7 31.Kd3 c5 32.Bg2 b5 33.Bf3 g6 34.Be4 a5 35.Nxf7 Nxf7
36.Bxg6 Nh6 37.Bxh5 a4 38.Be2 c4+ 39.Kc2 Kd6 40.g4 Ke7 41.h5 Kf8 42.Kb2 Nf7
43.Bd1 Nd6 44.Bc2 Nb7 45.Kc3 Nc5 46.Bb1 Na6 47.h6 Nc7 48.f5 exf5 49.gxf5 Nd5+
50.Kd4 Nf6 51.Kc3 Kg8 52.Ba2 Kh7 53.Bb1 Nd5+ 54.Kd4 c3 55.Kxd5 a3 56.f6+ Kxh6
57.f7 c2 58.Bxc2 a2  1-0

[Event "8th ch-Euro"]
[Site "Dresden GER"]
[Date "2007.04.09"]
[Round "7"]
[White "Czap,B"]
[Black "Calder,D"]
[Result "1/2-1/2"]
[WhiteElo "2204"]
[BlackElo "2009"]

1.d4 d5 2.c4 Nc6 3.cxd5 Qxd5 4.e3 e5 5.Nc3 Bb4 6.Bd2 Bxc3 7.bxc3 Nf6 8.Qb3 Qd6
9.Nf3 O-O 10.Bc1 Be6 11.Qa3 Rfe8 12.Qxd6 cxd6 13.Bb5 exd4 14.Nxd4 Nxd4 15.cxd4 Rec8
16.O-O Bc4 17.Bxc4 Rxc4 18.Ba3 d5 19.Rfc1 b5 20.f3 a5 21.Kf2 Rac8 22.Rxc4 bxc4  1/2-1/2

[Event "8th ch-Euro"]
[Site "Dresden GER"]
[Date "2007.04.13"]
[Round "10"]
[White "Fernandes,Ant"]
[Black "Koepke,C"]
[Result "0-1"]
[WhiteElo "2448"]
[BlackElo "2290"]

1.d4 d5 2.c4 Nc6 3.Nc3 Nf6 4.Nf3 dxc4 5.e4 Bg4 6.Be3 e6 7.Bxc4 Bb4 8.Qc2 O-O
9.Rd1 Bxf3 10.gxf3 Nh5 11.e5 Ne7 12.O-O Bxc3 13.bxc3 Nd5 14.Kh1 c6 15.Rg1 f5
16.Bc1 Kh8 17.Bd2 Rc8 18.Bb3 Qh4 19.Bg5 Qh3 20.Rd3 f4 21.Bxd5 cxd5 22.Be7 Rf7
23.Bd6 Qf5 24.Rc1 g5 25.Qe2 Ng7 26.Kg2 Qg6 27.Rdd1 Nf5 28.Kh1 Nh4 29.Rg1 Qf5
30.Rg4 h5 31.Rxh4 gxh4 32.Rg1 Rg8 33.Rxg8+ Kxg8 34.Qb5 Rg7 35.Ba3 Qg6 36.Qf1 Qc2
37.Bc1 Qxc3 38.Qd1 Qa1 39.h3 Rc7 40.Qg1+ Kh7 41.Bxf4 Qxg1+ 42.Kxg1 Kg6 43.a4 a5  0-1

[Event "8th ch-Euro"]
[Site "Dresden GER"]
[Date "2007.04.14"]
[Round "11"]
[White "Atalik,S"]
[Black "Gasthofer,A"]
[Result "1/2-1/2"]
[WhiteElo "2584"]
[BlackElo "2453"]

1.d4 d5 2.c4 Nc6 3.Nf3 Bg4 4.Nc3 e6 5.cxd5 exd5 6.Bf4 Bxf3 7.gxf3 Bd6 8.Bg3 Nge7
9.e3 O-O 10.a3 f5 11.f4 Qd7 12.h4 Qe6 13.h5 Nb8 14.Be2 Nd7 15.Bh4 c6 16.Qb3 Rab8
17.Rg1 Kh8 18.Rg2 Ng8 19.Qc2 a5 20.Kf1 Ndf6 21.Bg5 Be7 22.Rb1 b5 23.b4 axb4
24.axb4 Ne8 25.Bxe7 Nxe7 26.Ra1 Nd6 27.Ra7 Ra8 28.Qa2 Qc8 29.Qa5 Rxa7 30.Qxa7 Qb7
31.Qxb7 Nxb7 32.Bd3 Ra8 33.f3 Ra3 34.Rc2 Nd6 35.Ke2 Rb3 36.e4 dxe4 37.fxe4 fxe4
38.Nxe4 Nxe4 39.Bxe4 Rxb4 40.Bxc6 Rxd4 41.Bxb5 Rxf4  1/2-1/2

[Event "8th ch-Euro"]
[Site "Dresden GER"]
[Date "2007.04.14"]
[Round "11"]
[White "Logothetis,S"]
[Black "Zaragatski,I"]
[Result "1/2-1/2"]
[WhiteElo "2221"]
[BlackElo "2464"]

1.d4 d5 2.c4 Nc6 3.Nc3 Nf6 4.Nf3 dxc4 5.e4 Bg4 6.d5 Ne5 7.Bf4 Ng6 8.Be3 e5
9.Bxc4 a6 10.h3 Bc8 11.h4 Bd6 12.h5 Nf8 13.h6 g6 14.Bg5 N8d7 15.Nd2 O-O 16.Be2 Be7
17.Be3 Ne8 18.g3 Bc5 19.Bxc5 Nxc5 20.Nc4 Qe7 21.b4 Nd7 22.Qb3 Nd6 23.Nxd6 cxd6
24.Rc1 f5 25.Kf1 Qg5 26.Kg2 Nf6 27.Qb1 f4 28.Qd3 Ng4 29.Bxg4 Bxg4 30.f3 fxg3
31.Rcf1 Bd7 32.Re1 Rac8 33.Qe3 Qf4 34.Qxf4 exf4 35.Rc1 Rc4 36.Ne2 Rxb4 37.Rc7 Bb5
38.Nxf4 Rxf4 39.Rhc1 Rf7 40.Rc8+ Rf8 41.R8c7 Rf7  1/2-1/2

[Event "Elitzur Winter"]
[Site "Givataim ISR"]
[Date "2007.04.14"]
[Round "8"]
[White "Porat,I"]
[Black "Cohen,O"]
[Result "0-1"]
[WhiteElo "2348"]
[BlackElo "2221"]

1.d4 d5 2.c4 Nc6 3.cxd5 Qxd5 4.e3 e5 5.Nc3 Bb4 6.Bd2 Bxc3 7.bxc3 Nf6 8.c4 Qd6
9.d5 Ne7 10.Qb1 Bf5 11.Qb2 Ne4 12.Bb4 Qb6 13.c5 Qf6 14.O-O-O O-O-O 15.Bc4 Qh4
16.c6 Nxf2 17.Bc3 Nxc6 18.Nf3 Qxc4 19.dxc6 Rxd1+ 20.Rxd1 Nxd1 21.cxb7+ Kb8
22.Kxd1 Qf1+ 23.Ne1 Rd8+ 24.Kc1 f6 25.Ba5 Qc4+ 26.Bc3 Be4 27.h3 Rd6 28.a3 Rb6
29.Qa1 Rb1+ 30.Qxb1 Bxb1  0-1

[Event "Chess Classic Open"]
[Site "Gausdal NOR"]
[Date "2007.04.21"]
[Round "4"]
[White "Tallaksen,G"]
[Black "Tolhuizen,L"]
[Result "1-0"]
[WhiteElo "2415"]
[BlackElo "2255"]

1.d4 d5 2.c4 Nc6 3.Nf3 Bg4 4.Nc3 e6 5.Bf4 Bxf3 6.gxf3 dxc4 7.e3 Bd6 8.Bg3 Nf6
9.Bxc4 O-O 10.Qe2 e5 11.d5 Ne7 12.O-O-O a6 13.Bd3 Nexd5 14.Nxd5 Nxd5 15.Bb1 Nf6
16.Bxe5 Qe7 17.Bxd6 cxd6 18.Bc2 Rac8 19.Kb1 Rc6 20.Rd4 Qe6 21.Rhd1 Qh3 22.Rxd6 Rxd6
23.Rxd6 Qxh2 24.f4 Qg1+ 25.Rd1 Qg2 26.e4 g6 27.e5 Nh5 28.f5 Re8 29.Qe3 Ng7
30.f6 Nf5 31.Bxf5 gxf5 32.f4 Kh8 33.a3 Rc8 34.Ka2 Qe4 35.Qg3 Qc4+ 36.Ka1 Rg8
37.Qxg8+  1-0

[Event "FMA Masters"]
[Site "Madrid ESP"]
[Date "2007.04.22"]
[Round "4"]
[White "Moreno Ruiz,J"]
[Black "Martinez Martin,D"]
[Result "1/2-1/2"]
[WhiteElo "2482"]
[BlackElo "2403"]


1.d4 d5 2.c4 Nc6 3.e3 e5 4.dxe5 d4 5.a3 Nge7 6.Nf3 Bg4 7.Be2 dxe3 8.Qxd8+ Rxd8
9.Bxe3 Bxf3 10.Bxf3 Nxe5 11.Bxb7 Nxc4 12.Bxa7 Na5 13.Bf3 Nb3 14.Ra2 Nc1 15.Ra1 Nb3
16.Ra2 Nc1  1/2-1/2

[Event "FMA Masters"]
[Site "Madrid ESP"]
[Date "2007.04.25"]
[Round "8"]
[White "Borges Mateos,J"]
[Black "Martinez Martin,D"]
[Result "1-0"]
[WhiteElo "2482"]
[BlackElo "2403"]


1.d4 d5 2.c4 Nc6 3.Nf3 Bg4 4.Nc3 e6 5.Qa4 Qd7 6.e3 Nf6 7.Be2 dxc4 8.Qxc4 Bd6
9.h3 Bh5 10.O-O O-O 11.Rd1 Qe7 12.Nd2 Bxe2 13.Qxe2 e5 14.d5 Nb8 15.e4 Nbd7
16.Nc4 Ne8 17.Be3 a6 18.Rac1 g6 19.Na5 Rb8 20.Na4 f5 21.f3 Nef6 22.Bg5 Qe8
23.a3 fxe4 24.fxe4 Nh5 25.b4 Ndf6 26.Nc3 Nf4 27.Qe3 Kg7 28.Nc4 N6h5 29.Ne2 Qd7
30.Nxf4 Nxf4 31.Rf1 Kg8 32.Nxd6 Qxd6 33.Bh6 Rf7 34.g3 Nxh3+ 35.Kg2 g5 36.Rxf7 Kxf7
37.Bxg5 Nxg5 38.Qxg5 Rf8 39.Rh1 Qg6 40.Rf1+ Kg8 41.Rxf8+ Kxf8 42.Qd8+ Qe8
43.Qxc7 Qb5 44.Qc5+  1-0

[Event "FMA Masters"]
[Site "Madrid ESP"]
[Date "2007.04.26"]
[Round "10"]
[White "Campora,D"]
[Black "Martinez Martin,D"]
[Result "0-1"]
[WhiteElo "2532"]
[BlackElo "2403"]


1.d4 d5 2.c4 Nc6 3.Nc3 dxc4 4.Nf3 Nf6 5.Bg5 a6 6.d5 Na7 7.e4 Nb5 8.Qa4 Bd7
9.Qxc4 h6 10.Bh4 g5 11.Bg3 Bg7 12.e5 Nh5 13.e6 fxe6 14.dxe6 Bc6 15.Rd1 Nd6
16.Qd3 O-O 17.Be2 Nf4 18.Bxf4 Rxf4 19.O-O Qf8 20.Qc2 Qf6 21.Rde1 Rf8 22.Bd1 Rf5
23.h3 h5 24.Nh2 Qh6 25.Qd2 Be5 26.Bc2 Bf4 27.Qd1 Bxh2+ 28.Kxh2 Rxf2 29.Rxf2 Rxf2
30.Ne4 Rxc2 31.Qxc2 Qg6 32.Qc5 Bxe4 33.Qxc7 Qxe6 34.Qc5 Qf6 35.Re2 Bc6 36.Rf2 Qg7
37.Kg1 Kh8 38.Qa7 Kh7 39.Qb8 g4 40.hxg4 hxg4 41.Rf4 Ne4 42.Qd8 Nf6 43.Qd3+ Qg6
44.Qe2 Be4 45.Qc4 Bd5 46.Qc5 Qb1+ 47.Kh2 g3+ 48.Kxg3 Ne4+  0-1

[Event "TCh-RUS HL"]
[Site "Sochi RUS"]
[Date "2007.05.03"]
[Round "1"]
[White "Bazarov,K"]
[Black "Rakhmanov,A"]
[Result "0-1"]
[WhiteElo "2232"]
[BlackElo "2497"]

1.d4 d5 2.c4 Nc6 3.Nf3 Bg4 4.e3 e6 5.Be2 Nf6 6.O-O Be7 7.Nbd2 O-O 8.b3 Ne4
9.Nxe4 dxe4 10.Nd2 Bxe2 11.Qxe2 f5 12.Bb2 Bd6 13.f4 Nb4 14.c5 Be7 15.Nc4 b6
16.cxb6 axb6 17.a4 Nd5 18.Ba3 Bxa3 19.Nxa3 g5 20.g3 Rf7 21.Nc4 Rg7 22.Kh1 Kh8
23.Rac1 Qe7 24.Qf2 Rag8 25.Rfe1 Qb4 26.Rb1 gxf4 27.gxf4 Nc3 28.Rbc1 Qxb3
29.Ne5 Nd5 30.Ra1 Nb4 31.Qd2 Nd3 32.Reb1 Qd5 33.Rg1 Nxe5 34.Rxg7 Rxg7 35.fxe5 c5
36.Qb2 cxd4 37.Qxb6 dxe3 38.Qb8+ Rg8 39.Qd6 Qd2 40.Rg1 Rxg1+ 41.Kxg1 Qf2+  0-1

[Event "TCh-RUS HL"]
[Site "Sochi RUS"]
[Date "2007.05.05"]
[Round "3"]
[White "Kuznecov,M"]
[Black "Rakhmanov,A"]
[Result "1/2-1/2"]
[WhiteElo "2343"]
[BlackElo "2497"]

1.d4 d5 2.c4 Nc6 3.Nf3 Bg4 4.cxd5 Bxf3 5.gxf3 Qxd5 6.e3 e5 7.Nc3 Bb4 8.Bd2 Bxc3
9.bxc3 Nf6 10.Bg2 O-O 11.O-O Rad8 12.Qb3 Na5 13.Qxd5 Nxd5 14.Rfb1 b6 15.Bf1 Nf6
16.Be1 Nd7 17.a4 c5 18.dxc5 Nxc5 19.c4 Rc8 20.Bxa5 bxa5 21.Rd1 f6 22.Rd5 Rc7
23.Rb1 a6 24.Kg2 Kf7 25.Kg3 Ke7 26.Rb6 Ra8 27.Bh3 Nxa4 28.Re6+ Kf7 29.Rxa5 Nc5
30.Rd6 Ke7 31.Rd5 Nb7 32.Ra4 Ra7 33.Rd1 a5 34.Rda1 Rc5 35.Bf5 Nd6 36.Bd3 g6
37.h4 f5 38.f4 e4 39.Be2 Kd7 40.h5 Ke6 41.Kh4 Kf6 42.Rd1 Ra6 43.hxg6 hxg6
44.Kg3 Ke7 45.Rh1 Rb6 46.Rha1 Rb2 47.Bf1 Nb7 48.R4a3 Kd6 49.f3 exf3 50.Kxf3 Kc7
51.Bd3 Kb6 52.Kg3 Rc7 53.e4 Nc5 54.exf5 gxf5 55.Bxf5 Rg7+ 56.Kh3 a4 57.Rb1 Rg2
58.Ra2  1/2-1/2

[Event "TCh-RUS HL"]
[Site "Sochi RUS"]
[Date "2007.05.10"]
[Round "8"]
[White "Gladyszev,O"]
[Black "Rakhmanov,A"]
[Result "1/2-1/2"]
[WhiteElo "2485"]
[BlackElo "2497"]

1.d4 d5 2.c4 Nc6 3.Nf3 Bg4 4.Nc3 e6 5.cxd5 exd5 6.Bf4 Bxf3 7.gxf3 Bd6 8.Bg3 Nge7
9.a3 a6 10.e3 O-O 11.Qc2 f5 12.f4 Qd7 13.Bg2 Qe6 14.Rd1 Nd8 15.Ne2 c6 16.Bf3 Nf7
17.h4 Bc7 18.h5 Nd6 19.Nc1 Bb6 20.Bh4 Rac8 21.Qe2 Ne4 22.Nd3 c5 23.dxc5 Bxc5
24.Nxc5 Rxc5 25.Qd3 Nc6 26.O-O Rf7 27.b4 Rc3 28.Qxd5 Qxd5 29.Rxd5 Rxa3 30.b5 Ra5
31.Rb1 axb5 32.Rdxb5 Rxb5 33.Rxb5 Kf8 34.Bxe4 fxe4 35.f3 exf3 36.Kf2 Rd7
37.Kxf3 Kf7 38.Be1 g6 39.hxg6+ hxg6 40.Bc3 Ne7 41.Be5 Ke6 42.Kg4  1/2-1/2

[Event "ch-USA"]
[Site "Stillwater USA"]
[Date "2007.05.23"]
[Round "9"]
[White "Ehlvest,J"]
[Black "Stripunsky,A"]
[Result "0-1"]
[WhiteElo "2640"]
[BlackElo "2569"]

1.d4 d5 2.c4 Nc6 3.cxd5 Qxd5 4.e3 e5 5.Nc3 Bb4 6.Bd2 Bxc3 7.bxc3 Nge7 8.f3 Qd6
9.Bd3 O-O 10.Ne2 b6 11.O-O Bb7 12.Qc2 f5 13.Rad1 Rad8 14.Be1 Kh8 15.Bf2 Qf6
16.a3 Qg5 17.f4 Qg6 18.e4 Nxd4 19.cxd4 fxe4 20.Bb5 e3 21.Qxg6 exf2+ 22.Kxf2 Nxg6
23.dxe5 Rxd1 24.Rxd1 Nxe5 25.Kg3 Nf7 26.Rd7 Nd6 27.Rxc7 Bxg2 28.Ba6 Bd5 29.Nc3 Bh1
30.Rxa7 g5 31.Rd7 gxf4+ 32.Kf2 Nf7 33.Rc7 Ng5 34.Kg1 Nh3+ 35.Kf1 f3 36.Ne4 Bg2+
37.Ke1 Re8  0-1

[Event "50th TCh-SRB Cup"]
[Site "Mataruska Banja SRB"]
[Date "2007.05.26"]
[Round "6"]
[White "Ivanisevic,I"]
[Black "Miladinovic,I"]
[Result "1-0"]
[WhiteElo "2614"]
[BlackElo "2607"]

1.d4 d5 2.c4 Nc6 3.Nc3 Nf6 4.Nf3 dxc4 5.e4 Bg4 6.d5 Ne5 7.Bf4 Ng6 8.Be3 e5
9.Bxc4 a6 10.Be2 Bxf3 11.Bxf3 Nh4 12.O-O Nxf3+ 13.Qxf3 Bb4 14.a3 Bd6 15.Bg5 Be7
16.Rfd1 O-O 17.Rac1 Ne8 18.Bxe7 Qxe7 19.d6 cxd6 20.Nd5 Qd8 21.g3 g6 22.h4 h6
23.Qe3 Kg7 24.Qb3 Rb8 25.Kg2 Nf6 26.Nxf6 Qxf6 27.Qb6 Rfc8 28.Rxd6 Qe7 29.Qb4 Kh7
30.Rcd1 Rc7 31.R1d5 Re8 32.Qd2 Rec8 33.Rd7 Qe6 34.R7d6 Qe7 35.Qe3 Re8  1-0

[Event "Aldo Perini Mem"]
[Site "Senigallia ITA"]
[Date "2007.06.01"]
[Round "7"]
[White "Van Hoolandt,P"]
[Black "Todorov,T"]
[Result "0-1"]
[WhiteElo "2205"]
[BlackElo "2499"]

1.d4 d5 2.c4 Nc6 3.cxd5 Qxd5 4.e3 e5 5.Nc3 Bb4 6.Bd2 Bxc3 7.Bxc3 exd4 8.Ne2 Nge7
9.Nxd4 Nxd4 10.Qxd4 Qxd4 11.Bxd4 f6 12.Rc1 Nc6 13.Bb5 Bd7 14.Bxc6 Bxc6 15.f3 a6
16.Kf2 O-O-O 17.Rhd1 Rd7 18.Rd2 Bd5 19.Bb6 Rhd8 20.Rdc2 Bc6 21.Bd4 Kb8 22.Rd2 Bd5
23.b3 Be6 24.b4 b6 25.Rb2 Kb7 26.Rcc2 Rd5 27.Rc1 R8d7 28.a3 a5 29.h3 Rb5
30.Rcc2 a4 31.g4 Bb3 32.Rd2 Rbd5 33.Bc3 Rd3 34.Bd4 Rxd2+ 35.Rxd2 Kc6 36.Rd3 Kb5
37.Rc3 Bc4 38.Rc1 c5 39.Bc3 Bb3 40.Ke2 Rd5 41.Ke1 Rd3 42.Ke2 Bc4 43.Kf2 Rxc3
44.Rxc3 cxb4 45.axb4 Kxb4 46.Rc1 b5 47.Ke1 a3 48.Kd2 a2 49.g5 Ka3 50.gxf6 gxf6
51.Kc3 Be6  0-1